00418nam a2200109 a 4500008004100000050002500041110004700066245007900113260006200192300002100254650003300275140916s2012 ||||||||||||||||| || u aGOV.ZAM(058)ER/2012A aGovernment of the Republic of Zambia (GRZ)10aAnnual economic report 2012cby Government of the Republic of Zambia (GRZ) aLusaka:bGovernment of the Republic of Zambia (GRZ)c2012 aviii, 34p.: ill. 0aECONOMIC DEVELOPMENT--ZAMBIA